[Event "Women's Speed Chess Q3"]
[Site "chess.com INT"]
[Date "2021.05.30"]
[Round "15"]
[White "Ramirez, Maria Eugenia"]
[Black "Ulziikhishigjargal, Ochirkhuyag"]
[Result "0-1"]
[WhiteTitle "WFM"]
[BlackTitle "FM"]
[WhiteElo "2057"]
[BlackElo "2020"]
[WhiteFideId "3301680"]
[BlackFideId "4903188"]
[EventDate "2021.05.30"]

1. e4 d6 2. d4 g6 3. Nf3 Bg7 4. Nc3 a6 5. Bd3 Nf6 6. O-O O-O 7. Re1 Bg4 8. h3
Bxf3 9. Qxf3 Nfd7 10. Bg5 Bxd4 11. Rad1 Bg7 12. Bc4 Nc6 13. Nd5 Nde5 14. Qe2
Nxc4 15. Qxc4 Qd7 16. c3 Rae8 17. f4 h6 18. Bh4 Kh7 19. Bf2 e6 20. Ne3 e5 21. f5
Ne7 22. g4 Bf6 23. Qb3 Bg5 24. Rd2 Bxe3 25. Bxe3 gxf5 26. exf5 Qc6 27. Qc2 Nd5
28. f6+ e4 29. Rd4 Nxf6 30. Rf1 Re6 31. Qd2 Ng8 32. Qf2 Rg6 33. Qf5 Ne7 34. Qf4
f5 35. Kh2 Qd7 36. Rd2 Qe6 37. Rg2 Qe5 38. Qxe5 dxe5 39. gxf5 Rxg2+ 40. Kxg2
Rxf5 41. Rd1 Rf7 42. Rd7 Rg7+ 43. Kf2 Nf5 44. Rd5 Re7 45. a4 c6 46. Rd8 Kg6 47.
Ke2 Ng7 48. Rg8 Kf7 49. Rh8 h5 50. Rh6 Re6 51. Rh8 Re8 52. Rh6 Nf5 53. Rh7+ Kg6
54. Rxb7 Rd8 55. Rc7 Rd6 56. Rc8 Rd3 57. Rxc6+ Kf7 58. Bc5 Rxh3 59. Rxa6 Rh2+
60. Kd1 Rxb2 61. Ra7+ Ke6 62. a5 Kd5 63. Bb4 e3 64. Rd7+ Ke4 65. Rh7 e2+ 66. Ke1
Ne3 67. Rxh5 Ng2+ 68. Kf2 e1=Q# 0-1

[Event "Women's Speed Chess Q3"]
[Site "chess.com INT"]
[Date "2021.05.30"]
[Round "15"]
[White "Nguyen, Hong Anh"]
[Black "Pourkashiyan, Atousa"]
[Result "1-0"]
[WhiteTitle "WIM"]
[BlackTitle "WGM"]
[WhiteElo "1993"]
[BlackElo "2322"]
[WhiteFideId "12406732"]
[BlackFideId "12502014"]
[EventDate "2021.05.30"]

1. d4 Nf6 2. c4 e6 3. Nf3 d5 4. g3 Be7 5. Bg2 O-O 6. O-O dxc4 7. Ne5 Nc6 8. Nxc6
bxc6 9. Na3 Rb8 10. Nxc4 c5 11. dxc5 Bxc5 12. Bf4 Nd5 13. Be5 Bd6 14. Bd4 c5 15.
Nxd6 cxd4 16. Nxc8 Qxc8 17. Bxd5 exd5 18. Qxd4 Re8 19. e3 Qc2 20. b3 Qc6 21.
Rac1 Qb7 22. Rfd1 Red8 23. Rc5 Qa6 24. Rxd5 Rxd5 25. Qxd5 h6 26. Rd2 Qc8 27. Qd7
Qc1+ 28. Kg2 Qb1 29. Qxa7 Qe4+ 30. f3 Qe5 31. e4 Rc8 32. Qd4 Qb5 33. b4 Rc1 34.
Qd3 Qxb4 35. Qd8+ Kh7 36. Rf2 Qe1 37. Qd2 Qh1+ 38. Kh3 Ra1 39. e5 Qb1 40. Qc2+
Qxc2 41. Rxc2 Kg6 42. Kg2 Kf5 43. f4 Ke4 44. Re2+ Kd3 45. Rb2 Kc3 46. Rb7 Rxa2+
47. Kh3 f6 48. Rxg7 fxe5 49. fxe5 Re2 50. Rg6 Rxe5 51. Rxh6 Kd4 52. Kg4 Re4+ 53.
Kf3 Re1 54. h4 Ke5 55. Rh5+ Kf6 56. Ra5 Kg6 57. Kg4 Re4+ 58. Kh3 Re1 59. Ra6+
Kg7 60. Kg4 Rb1 61. Kg5 Rb5+ 62. Kg4 Rb4+ 63. Kh3 Rb1 64. h5 Rb4 65. g4 Rb1 66.
Kh4 Rb5 67. Ra7+ Kh8 68. h6 Rc5 69. g5 Rb5 70. Kh5 Rb6 71. Ra8+ Kh7 72. g6+ Rxg6
73. Ra7+ Rg7 74. Rxg7+ Kh8 75. Ra7 Kg8 76. Kg6 1-0

[Event "Women's Speed Chess Q3"]
[Site "chess.com INT"]
[Date "2021.05.30"]
[Round "15"]
[White "Starosta, Martyna"]
[Black "Nguyen, Thi Thanh An"]
[Result "0-1"]
[WhiteTitle "WCM"]
[BlackTitle "WGM"]
[WhiteElo "1910"]
[BlackElo "2259"]
[WhiteFideId "21818754"]
[BlackFideId "12400300"]
[EventDate "2021.05.30"]

1. e4 c6 2. d4 d5 3. Nc3 dxe4 4. Nxe4 Bf5 5. Ng3 Bg6 6. h4 h6 7. Nf3 Nd7 8. h5
Bh7 9. Bd3 Bxd3 10. Qxd3 Ngf6 11. Bd2 e6 12. O-O-O Bd6 13. Ne4 Nxe4 14. Qxe4 Nf6
15. Qe2 Qc7 16. Ne5 O-O-O 17. Rh4 Rhf8 18. c4 c5 19. Bc3 Kb8 20. b3 Ka8 21. f4
cxd4 22. Bxd4 Ba3+ 23. Kb1 Rd6 24. Rhh1 Rfd8 25. Bb2 Bxb2 26. Kxb2 Rxd1 27. Rxd1
Kb8 28. Rd3 Rxd3 29. Qxd3 a6 30. g4 Ne8 31. Qd4 Nd6 32. Nd3 Ne8 33. Nc5 Qd6 34.
Qxd6+ Nxd6 35. Nd7+ Kc7 36. Ne5 f6 37. Nd3 Ne4 38. Kc2 Kd6 39. b4 b6 40. a4 Kc6
41. b5+ axb5 42. axb5+ Kd6 43. Kd1 Nc5 44. Ke2 Nxd3 45. Kxd3 Kc5 46. f5 e5 47.
Kc3 e4 48. Kb3 Kd4 49. Kb4 e3 50. c5 bxc5+ 51. Ka5 e2 52. b6 e1=Q+ 53. Ka6 Qa1+
54. Kb7 Qb1 55. Kc7 c4 56. b7 Qxb7+ 57. Kxb7 c3 58. Kc7 c2 59. Kd7 c1=Q 60. Ke7
Qg5 61. Kf7 Qxg4 62. Kg8 Qxh5 63. Kh8 Qg5 64. Kg8 Qxf5 65. Kh8 Qg5 66. Kg8 f5
67. Kh8 f4 68. Kg8 f3 69. Kh8 f2 70. Kg8 h5 71. Kh8 h4 72. Kg8 h3 73. Kh8 h2 74.
Kg8 h1=Q 75. Kf8 f1=Q+ 76. Kg8 Qa8+ 77. Kh7 Qh3# 0-1

[Event "Women's Speed Chess Q3"]
[Site "chess.com INT"]
[Date "2021.05.30"]
[Round "15"]
[White "Sikorova, Olga"]
[Black "Luong, Phuong Hanh"]
[Result "0-1"]
[WhiteTitle "WGM"]
[BlackTitle "WIM"]
[WhiteElo "2215"]
[BlackElo "2229"]
[WhiteFideId "307033"]
[BlackFideId "12401013"]
[EventDate "2021.05.30"]

1. c4 Nf6 2. g3 c6 3. Bg2 d5 4. Nf3 g6 5. b3 Bg7 6. Bb2 O-O 7. O-O Re8 8. d3 Bf5
9. Nh4 Be6 10. Nd2 Nbd7 11. e4 Nc5 12. cxd5 cxd5 13. Qe2 Bg4 14. f3 Be6 15. d4
Na6 16. e5 Nd7 17. f4 Nb6 18. Rac1 Rc8 19. h3 Rxc1 20. Rxc1 Qd7 21. g4 Rc8 22.
Qd1 Nb4 23. Rxc8+ Qxc8 24. Ba3 Nxa2 25. Bxe7 Qc3 26. Ndf3 Qe3+ 27. Kh1 Qxf4 28.
Qc2 Qc1+ 29. Qxc1 Nxc1 30. Bf1 Nxb3 31. Ng2 Bf8 32. Bxf8 Kxf8 33. Nf4 a5 34. Ng5
Ke7 35. Nxh7 a4 36. Bd3 a3 37. Bb1 Nc1 38. Kg2 a2 39. Bxa2 Nxa2 40. Kg3 Nb4 41.
h4 Nc6 42. Ne2 Nd7 43. Ng5 Nf8 44. Kf4 Bc8 45. h5 gxh5 46. gxh5 Nd8 47. Ng3
Nde6+ 48. Nxe6 Nxe6+ 49. Ke3 Kf8 50. Nf5 Ng5 51. Nd6 Be6 52. Nxb7 Kg7 53. Kf4
Kh6 54. Nc5 Kxh5 55. Nb3 Kg6 56. Nd2 Nh3+ 57. Kg3 Ng5 58. Kf4 Nh7 59. Nf1 Nf8
60. Ne3 Kg7 61. Kg5 Nd7 62. Kh5 Nb8 63. Kg5 Nc6 64. Nc2 Bc8 65. Kf4 Kg6 66. Ke3
Bf5 67. Na3 Be4 68. Nb5 Bf5 69. Nd6 Be6 70. Nb5 Kg5 71. Nc3 Kg4 72. Ne2 Ne7 0-1

[Event "Women's Speed Chess Q3"]
[Site "chess.com INT"]
[Date "2021.05.30"]
[Round "15"]
[White "Varshini, V"]
[Black "Kulkarni, Bhakti"]
[Result "0-1"]
[WhiteTitle "WGM"]
[BlackTitle "IM"]
[WhiteElo "2226"]
[BlackElo "2391"]
[WhiteFideId "5091241"]
[BlackFideId "5019516"]
[EventDate "2021.05.30"]

1. e4 d5 2. exd5 Nf6 3. Nf3 Nxd5 4. d4 Bf5 5. Be2 e6 6. O-O Nc6 7. c4 Nf6 8. Nc3
Bd6 9. a3 h6 10. h3 O-O 11. Be3 a6 12. Rc1 Qd7 13. b4 Ne4 14. Nxe4 Bxe4 15. Bd3
Bxd3 16. Qxd3 Rad8 17. Qc3 Be7 18. b5 Nb8 19. a4 Bf6 20. Qb3 c6 21. Rfd1 cxb5
22. cxb5 axb5 23. axb5 Qd5 24. Qxd5 Rxd5 25. Rc5 Rfd8 26. Rdc1 Kh7 27. Rc8 Rxb5
28. Rxd8 Bxd8 29. Rc8 Nc6 30. Ne5 Nxe5 31. Rxd8 Rb1+ 32. Kh2 Nc4 33. Bf4 b5 34.
Rd7 Kg6 35. Rc7 Nb6 36. Be5 Nd5 37. Rb7 b4 38. g4 f6 39. Bd6 Rd1 40. Bf8 Kg5 41.
Kg3 Rd3+ 42. f3 f5 43. Rxg7+ Kf6 44. Rh7 b3 45. Rxh6+ Kf7 46. Ba3 f4+ 47. Kh4
Rxf3 48. Rh7+ Ke8 49. Rb7 Rd3 50. g5 Rxd4 51. g6 Nf6 52. g7 Ng8 53. Kg5 f3 54.
Kg6 Rf4 55. Rxb3 f2 56. Rb8+ Kd7 57. Rxg8 f1=Q 58. Rd8+ Kxd8 59. g8=Q+ Kd7 60.
Qg7+ Kc6 61. Qc3+ Rc4 62. Qe3 Qf5+ 63. Kg7 Re4 64. Qc3+ Kd7 65. Qd3+ Ke8 66. Qg3
Qf7+ 67. Kh6 Qf6+ 68. Kh7 Rh4+ 69. Kg8 Rh8# 0-1

[Event "Women's Speed Chess Q3"]
[Site "chess.com INT"]
[Date "2021.05.30"]
[Round "15"]
[White "Li, Xueyi"]
[Black "Priyanka, K"]
[Result "1-0"]
[WhiteTitle "WGM"]
[BlackTitle "WIM"]
[WhiteElo "2328"]
[BlackElo "2218"]
[WhiteFideId "8605912"]
[BlackFideId "5082986"]
[EventDate "2021.05.30"]

1. d4 Nf6 2. c4 g6 3. g3 Bg7 4. Bg2 d6 5. Nc3 O-O 6. Nf3 Nc6 7. O-O Bg4 8. h3
Bxf3 9. Bxf3 Nd7 10. e3 e5 11. d5 Ne7 12. Bg2 f5 13. b4 e4 14. Bb2 Ne5 15. Qb3
Nd3 16. Rab1 c5 17. dxc6 bxc6 18. Ba1 Rb8 19. a3 a5 20. Nxe4 fxe4 21. Bxg7 Kxg7
22. Bxe4 Ne5 23. f4 Nd7 24. Qc3+ Kg8 25. Bg2 axb4 26. axb4 Nf5 27. Kh2 c5 28. b5
Nf6 29. g4 Nh4 30. Bh1 Qe7 31. Rfe1 Ne4 32. Bxe4 Qxe4 33. Kg3 Qg2+ 34. Kxh4 Qf2+
35. Kg5 Rf5+ 36. gxf5 Qg3+ 37. Kf6 Rf8+ 38. Ke6 Re8+ 39. Kxd6 Rd8+ 40. Kxc5 Qf3
41. Kb4 Qe4 42. fxg6 hxg6 43. Rg1 Rd3 44. Qf6 Kh7 45. Qf7+ Kh6 46. b6 Qxe3 47.
Qf8+ Kh7 48. Qf7+ Kh8 49. Qxg6 Qd2+ 50. Kc5 Qa5+ 51. Kc6 Qa4+ 52. Rb5 Qxc4+ 53.
Rc5 Qa4+ 54. Kb7 Rd7+ 55. Rc7 Rxc7+ 56. Kxc7 Qc4+ 57. Kb7 Qd5+ 58. Kb8 Qd8+ 59.
Ka7 Qd7+ 60. Ka6 Qa4+ 61. Kb7 Qd7+ 62. Kb8 Qd8+ 63. Ka7 Qd7+ 64. b7 Qa4+ 65. Qa6
Qd4+ 66. Qb6 Qa4+ 67. Kb8 Qe8+ 68. Kc7 Qe7+ 69. Kc6 Qe6+ 70. Kb5 Qb3+ 71. Kc6 1-0

[Event "Women's Speed Chess Q3"]
[Site "chess.com INT"]
[Date "2021.05.30"]
[Round "16"]
[White "Priyanka, K"]
[Black "Von Herman, Brigitte"]
[Result "1-0"]
[WhiteTitle "WIM"]
[BlackTitle "WFM"]
[WhiteElo "2218"]
[BlackElo "1991"]
[WhiteFideId "5082986"]
[BlackFideId "4628730"]
[EventDate "2021.05.30"]

1. e4 e5 2. Nf3 Nc6 3. Bb5 a6 4. Ba4 Nf6 5. d3 Be7 6. Nc3 b5 7. Bb3 d6 8. Nd5
O-O 9. Nxf6+ Bxf6 10. Bd5 Bd7 11. h4 Rb8 12. Ng5 h6 13. Qh5 Qe7 14. Qg6 Bxg5 15.
hxg5 Be6 16. Qh5 Bxd5 17. exd5 Nd4 18. Kd1 e4 19. c3 Nf5 20. gxh6 Nxh6 21. Bxh6
Qf6 22. Be3 1-0

[Event "Women's Speed Chess Q3"]
[Site "chess.com INT"]
[Date "2021.05.30"]
[Round "16"]
[White "Linares Napoles, Oleiny"]
[Black "Dauletova, Gulmira"]
[Result "1-0"]
[WhiteTitle "WGM"]
[BlackTitle "WGM"]
[WhiteElo "2255"]
[BlackElo "2285"]
[WhiteFideId "3504794"]
[BlackFideId "13702971"]
[EventDate "2021.05.30"]

1. d4 Nc6 2. Nf3 d5 3. Bf4 Bf5 4. e3 a6 5. c4 e6 6. Nc3 Nf6 7. Be2 Nb4 8. Rc1
dxc4 9. Bxc4 b5 10. Be2 c5 11. a3 Nbd5 12. Nxd5 Nxd5 13. Be5 cxd4 14. Nxd4 Bg6
15. O-O Qd7 16. Qb3 f6 17. Bg3 Bd6 18. Bxd6 Qxd6 19. Rc6 Qd7 20. Rxe6+ Kf7 21.
Bf3 Rhd8 22. e4 Qa7 23. Nc6 Qc5 24. Nxd8+ Rxd8 25. exd5 Kg8 26. Rc6 Qe7 27. d6+ 1-0

[Event "Women's Speed Chess Q3"]
[Site "chess.com INT"]
[Date "2021.05.30"]
[Round "16"]
[White "Shuvalova, Polina"]
[Black "Samaganova, Alexandra"]
[Result "0-1"]
[WhiteTitle "IM"]
[BlackTitle "WFM"]
[WhiteElo "2484"]
[BlackElo "1993"]
[WhiteFideId "24171760"]
[BlackFideId "13800221"]
[EventDate "2021.05.30"]

1. e4 c5 2. Nf3 e6 3. g3 Nc6 4. Bg2 Nf6 5. Qe2 d5 6. exd5 Nxd5 7. O-O Be7 8. Rd1
O-O 9. d4 cxd4 10. Nxd4 Qb6 11. Nxc6 bxc6 12. c4 Nc7 13. Be3 Bc5 14. Bxc5 Qxc5
15. Nc3 Ba6 16. b3 Rad8 17. Rxd8 Rxd8 18. Rd1 Rd4 19. Ne4 Rxd1+ 20. Qxd1 Qe7 21.
h4 h6 22. Qd4 Ne8 23. Nc5 Bc8 24. Bxc6 e5 25. Qe3 Nf6 26. Bg2 Ng4 27. Qd2 Qxc5
28. Qd8+ Kh7 29. Be4+ f5 0-1

[Event "Women's Speed Chess Q3"]
[Site "chess.com INT"]
[Date "2021.05.30"]
[Round "16"]
[White "Vine, Elzbieta"]
[Black "Varney, Zoe"]
[Result "0-1"]
[WhiteTitle "WFM"]
[BlackTitle "WCM"]
[WhiteElo "2138"]
[BlackElo "1917"]
[WhiteFideId "1119320"]
[BlackFideId "436135"]
[EventDate "2021.05.30"]

1. e4 e5 2. Nf3 Nc6 3. Bb5 Nf6 4. O-O Nxe4 5. Re1 Nd6 6. Bxc6 bxc6 7. Nxe5 Be7
8. d4 O-O 9. Qg4 Nb5 10. Bh6 Bf6 11. Re3 d6 12. Qh5 dxe5 13. Rg3 Qxd4 14. Nc3
Nxc3 15. bxc3 Qd6 16. Re1 Be6 17. h4 Rfd8 18. Bxg7 Bxg7 19. Qg5 Qf8 20. h5 h6
21. Qxh6 Rd6 0-1

[Event "Women's Speed Chess Q3"]
[Site "chess.com INT"]
[Date "2021.05.30"]
[Round "16"]
[White "Ribeiro, Regina"]
[Black "Golubenko, Valentina"]
[Result "0-1"]
[WhiteTitle "WIM"]
[BlackTitle "WGM"]
[WhiteElo "1920"]
[BlackElo "2209"]
[WhiteFideId "2100681"]
[BlackFideId "4501993"]
[EventDate "2021.05.30"]

1. Nf3 g6 2. d4 Bg7 3. e3 d5 4. Be2 Nf6 5. O-O O-O 6. b3 c5 7. Bb2 Nc6 8. Nbd2
cxd4 9. exd4 a6 10. c4 Bf5 11. c5 Nb4 12. Ne1 Ne4 13. a3 Nc6 14. Nxe4 Bxe4 15.
f3 Bf5 16. g4 Bd7 17. b4 e5 18. dxe5 Nxe5 19. Qxd5 Bc6 20. Qxd8 Raxd8 21. Kf2
Nxg4+ 22. fxg4 Bxb2 23. Rb1 Rd2 24. Nf3 Rc2 25. Kg3 Rxe2 26. Rfe1 Rfe8 27. Rxe2
Rxe2 28. Nh4 Be5+ 29. Kh3 Re3+ 30. Nf3 Rxf3+ 31. Kh4 Rf2 32. Kg5 Bf6+ 33. Kh6
Rxh2# 0-1

[Event "Women's Speed Chess Q3"]
[Site "chess.com INT"]
[Date "2021.05.30"]
[Round "16"]
[White "Ramirez, Maria Eugenia"]
[Black "Narva, Regina"]
[Result "1-0"]
[WhiteTitle "WFM"]
[BlackTitle "WFM"]
[WhiteElo "2057"]
[BlackElo "1901"]
[WhiteFideId "3301680"]
[BlackFideId "4500237"]
[EventDate "2021.05.30"]

1. e4 d5 2. exd5 Qxd5 3. Nc3 Qa5 4. Nf3 Nf6 5. d4 Bg4 6. Be2 Nc6 7. O-O O-O-O 8.
Be3 e5 9. Qe1 Bxf3 10. Bxf3 exd4 11. Bxc6 bxc6 12. Bd2 dxc3 13. Bxc3 Qf5 14. Qe3
Bc5 15. Qe2 Rhe8 16. Qa6+ Kb8 17. Qa5 Rd5 18. Qa6 Re2 19. Qxc6 Rxf2 20. Rxf2
Qxf2+ 21. Kh1 Re5 22. b4 Rg5 23. bxc5 Nd5 24. Rb1+ Kc8 25. Qe8# 1-0

[Event "Women's Speed Chess Q3"]
[Site "chess.com INT"]
[Date "2021.05.30"]
[Round "16"]
[White "Eswaran, Ashritha"]
[Black "Tokhirjonova, Gulrukhbegim"]
[Result "1-0"]
[WhiteTitle "WIM"]
[BlackTitle "WGM"]
[WhiteElo "2244"]
[BlackElo "2350"]
[WhiteFideId "2080788"]
[BlackFideId "14203626"]
[EventDate "2021.05.30"]

1. e4 e5 2. Nf3 Nc6 3. d4 exd4 4. Nxd4 Nf6 5. Nxc6 bxc6 6. Bd3 d5 7. exd5 cxd5
8. Qe2+ Be7 9. O-O O-O 10. c4 c6 11. cxd5 cxd5 12. Nc3 Be6 13. Bg5 h6 14. Bf4
Bd6 15. Bxd6 Qxd6 16. Nb5 Qb6 17. Qe3 Qxe3 18. fxe3 Ng4 19. Rae1 Rab8 20. b3 Ne5
21. Be2 a5 22. Nd4 Rfc8 23. Rc1 Nd7 24. Nc6 Rxc6 25. Rxc6 Ra8 26. Rfc1 Kh7 27.
Bd3+ g6 28. Rxe6 fxe6 29. Rc7 Rd8 30. Bb5 Kg7 31. Rxd7+ Rxd7 32. Bxd7 Kf6 33. a3
e5 34. b4 axb4 35. axb4 Ke7 36. Bc6 Kd6 37. b5 Kc5 38. Kf2 g5 39. Ke2 h5 40. Kd3
h4 41. h3 Kd6 42. e4 d4 43. Kc4 Ke6 44. Bd5+ Kd6 45. b6 Kd7 46. Kc5 Ke7 47. Kc6 1-0

[Event "Women's Speed Chess Q3"]
[Site "chess.com INT"]
[Date "2021.05.30"]
[Round "16"]
[White "Vargas, Gabriela"]
[Black "Swati, Mohota"]
[Result "1-0"]
[WhiteTitle "WIM"]
[BlackTitle "WFM"]
[WhiteElo "2170"]
[BlackElo "2027"]
[WhiteFideId "3700860"]
[BlackFideId "5006511"]
[EventDate "2021.05.30"]

1. d4 d5 2. Nf3 e6 3. Bg5 Be7 4. Bxe7 Nxe7 5. c3 O-O 6. Nbd2 b6 7. e3 Ba6 8.
Bxa6 Nxa6 9. O-O c5 10. Ne5 Qc7 11. f4 f6 12. Nd3 c4 13. Nf2 Nf5 14. Qf3 Nd6 15.
Qh3 f5 16. Nf3 h6 17. Ne5 Rf6 18. g4 Ne4 19. Nxe4 dxe4 20. g5 Rff8 21. gxh6 gxh6
22. Kf2 Kh7 23. Rg1 Rg8 24. Qh5 Qe7 25. Rg6 Rxg6 26. Qxg6+ Kh8 27. Qxh6+ Qh7 28.
Nf7+ Kg8 29. Rg1+ Kxf7 30. Qxh7+ Ke8 31. Rg8# 1-0

[Event "Women's Speed Chess Q3"]
[Site "chess.com INT"]
[Date "2021.05.30"]
[Round "16"]
[White "Sliwicka, Alicja"]
[Black "Vantika, Agrawal"]
[Result "0-1"]
[WhiteTitle "WIM"]
[BlackTitle "WIM"]
[WhiteElo "2346"]
[BlackElo "2286"]
[WhiteFideId "1150677"]
[BlackFideId "25050389"]
[EventDate "2021.05.30"]

1. e4 c5 2. Nf3 d6 3. d4 cxd4 4. Nxd4 Nf6 5. Nc3 a6 6. Nb3 e6 7. Bd3 b5 8. O-O
Bb7 9. a3 Nbd7 10. Bd2 Be7 11. f4 O-O 12. Qf3 Qc7 13. Qh3 e5 14. Rae1 Nb6 15.
Na5 Bc8 16. Kh1 Bxh3 17. gxh3 Nc4 18. Nxc4 bxc4 19. Be2 Rab8 20. Bc1 Qc6 21. Bf3
Bd8 22. Nd5 Nxd5 23. exd5 Qd7 24. fxe5 dxe5 25. Rxe5 Bf6 26. Re2 Bxb2 27. Bf4
Rbe8 28. Rg2 g6 29. d6 Be5 30. Bh6 Bg7 31. Bf4 Be5 32. Bh6 Qxd6 33. Bxf8 Rxf8
34. h4 Kg7 35. h5 Qxa3 36. Be4 Qe3 37. Bd5 Qd4 38. Bf3 a5 39. Rg4 Qc5 40. Be4 a4
41. h4 a3 42. hxg6 fxg6 43. Rfg1 Qe3 0-1

[Event "Women's Speed Chess Q3"]
[Site "chess.com INT"]
[Date "2021.05.30"]
[Round "16"]
[White "Ambartsumova, Karina"]
[Black "Gaponenko, Inna"]
[Result "0-1"]
[WhiteTitle "IM"]
[BlackTitle "IM"]
[WhiteElo "2382"]
[BlackElo "2357"]
[WhiteFideId "4166299"]
[BlackFideId "14101181"]
[EventDate "2021.05.30"]

1. c4 g6 2. d4 Bg7 3. b3 c5 4. Bb2 Nc6 5. Nf3 d5 6. e3 Bg4 7. cxd5 Qxd5 8. Nc3
Bxf3 9. Nxd5 Bxd1 10. Rxd1 O-O-O 11. Nc3 cxd4 12. Nb5 Nh6 13. Bc4 e6 14. Nxd4
Nxd4 15. Bxd4 Bxd4 16. exd4 Nf5 17. d5 e5 18. Rc1 Kd7 19. O-O Kd6 20. f4 e4 21.
Rfe1 Rhe8 22. g3 Nd4 23. Kf2 b5 24. Bf1 Rc8 25. Bg2 f5 26. Red1 Rxc1 27. Rxc1
Kxd5 28. Ke3 Rd8 29. Rd1 Kc5 30. b4+ Kc4 31. Bf1+ Kc3 32. Rc1+ Nc2+ 33. Ke2 Rd2# 0-1

[Event "Women's Speed Chess Q3"]
[Site "chess.com INT"]
[Date "2021.05.30"]
[Round "16"]
[White "Purtseladze, Maka"]
[Black "Zaichenko, Daria"]
[Result "1-0"]
[WhiteTitle "IM"]
[BlackTitle "WFM"]
[WhiteElo "2274"]
[BlackElo "2104"]
[WhiteFideId "13602659"]
[BlackFideId "4197453"]
[EventDate "2021.05.30"]

1. b3 e5 2. Bb2 d6 3. e3 Be6 4. d4 e4 5. d5 Bd7 6. c4 f5 7. Nh3 Nf6 8. Nf4 g6 9.
h4 Bg7 10. h5 g5 11. h6 gxf4 12. hxg7 Rg8 13. Qd4 Kf7 14. Rh6 Ng4 15. Rxh7 c5
16. dxc6 Bxc6 17. Rh8 Na6 18. c5 d5 19. Bxa6 bxa6 20. Nd2 fxe3 21. fxe3 Qg5 22.
Nf1 Bb5 23. Qxd5+ Kg6 24. Rxg8 Nxe3 25. Qe6+ Kh5 26. Rh8+ Kg4 27. g8=Q Nxg2+ 28.
Kf2 Rxg8 29. Rxg8 e3+ 30. Kxg2 1-0

[Event "Women's Speed Chess Q3"]
[Site "chess.com INT"]
[Date "2021.05.30"]
[Round "16"]
[White "Kanyamarala, Trisha"]
[Black "Grigoryan, Meri"]
[Result "0-1"]
[WhiteTitle "WIM"]
[BlackTitle "WFM"]
[WhiteElo "2180"]
[BlackElo "2044"]
[WhiteFideId "45004722"]
[BlackFideId "13300571"]
[EventDate "2021.05.30"]

1. d4 d5 2. c4 e5 3. cxd5 Qxd5 4. e3 exd4 5. exd4 Nc6 6. Nf3 Bg4 7. Nc3 Bb4 8.
Bd2 Bxc3 9. bxc3 Bxf3 10. Qxf3 Qxf3 11. gxf3 Nf6 12. Rb1 O-O-O 13. Bd3 Rhe8+ 14.
Kd1 a6 15. Rg1 g6 16. Bg5 Re6 17. Kc2 Rde8 18. Bc4 Rd6 19. Bxf7 Re2+ 20. Kd3
Rxf2 21. Rgf1 Rxf1 22. Rxf1 Ne5+ 23. Ke3 Nxf7 24. Bf4 Re6+ 25. Kd3 Nd5 26. Bg3
Re3+ 27. Kc4 c6 28. Kb3 Rxc3+ 29. Kb2 Re3 30. f4 Kd7 31. f5 g5 32. f6 Re2+ 33.
Kb3 Re6 34. Rf5 Rxf6 35. Rxf6 Nxf6 36. Be5 Nxe5 37. dxe5 Ng4 38. Kc4 Nxe5+ 39.
Kd4 Nf3+ 0-1

[Event "Women's Speed Chess Q3"]
[Site "chess.com INT"]
[Date "2021.05.30"]
[Round "16"]
[White "Li, Xueyi"]
[Black "Enkhtuul, Altan-Ulzii"]
[Result "1-0"]
[WhiteTitle "WGM"]
[BlackTitle "WGM"]
[WhiteElo "2328"]
[BlackElo "2228"]
[WhiteFideId "8605912"]
[BlackFideId "4901444"]
[EventDate "2021.05.30"]

1. d4 c5 2. c4 cxd4 3. Nf3 e5 4. e3 dxe3 5. Bxe3 Nc6 6. Nc3 Nf6 7. Be2 d6 8. O-O
Be7 9. a3 O-O 10. b4 Be6 11. b5 Na5 12. Nd5 Nxd5 13. cxd5 Bf5 14. Rc1 b6 15. h3
Bd7 16. Ne1 f5 17. f4 e4 18. a4 Bf6 19. g4 Nb7 20. Rc6 Bxc6 21. dxc6 Nc5 22.
Qd5+ Kh8 23. g5 Be7 24. Bd4 Qe8 25. Ng2 Qf7 26. Qxf7 Rxf7 27. Bc4 Rff8 28. Bd5
Rac8 29. h4 Nd3 30. h5 Rfd8 31. h6 Bf8 32. Nh4 Nb4 33. Be6 Nxc6 34. bxc6 Rxc6
35. Nxf5 d5 36. hxg7+ Bxg7 37. Bxg7# 1-0

[Event "Women's Speed Chess Q3"]
[Site "chess.com INT"]
[Date "2021.05.30"]
[Round "16"]
[White "Kiran, Manisha Mohanty"]
[Black "Dworakowska, Joanna"]
[Result "1-0"]
[WhiteTitle "WGM"]
[BlackTitle "IM"]
[WhiteElo "2168"]
[BlackElo "2322"]
[WhiteFideId "5019575"]
[BlackFideId "1107445"]
[EventDate "2021.05.30"]

1. e4 c5 2. Nf3 d6 3. d4 cxd4 4. Nxd4 Nf6 5. Nc3 a6 6. Bg5 e6 7. Qe2 Be7 8.
O-O-O Nbd7 9. h4 Nb6 10. Rh3 Qc7 11. Kb1 Bd7 12. g4 O-O-O 13. Bd2 Be8 14. g5
Nfd7 15. a3 Kb8 16. Na2 d5 17. Ba5 Qc5 18. Bb4 Qc7 19. Bxe7 Rc8 20. Rc3 Nc4 21.
exd5 exd5 22. Nf5 Ka8 23. Rxd5 Ndb6 24. Rc5 Bc6 25. Nb4 Rhe8 26. Nxc6 bxc6 27.
R3xc4 Nxc4 28. Qxc4 Rxe7 29. Nxe7 Qxe7 30. Qxa6+ Kb8 31. Bd3 Qe1+ 32. Ka2 Qe6+
33. Rc4 Rc7 34. b3 h6 35. Rb4+ 1-0

[Event "Women's Speed Chess Q3"]
[Site "chess.com INT"]
[Date "2021.05.30"]
[Round "16"]
[White "Zhuravleva, Olga"]
[Black "Narva, Mai"]
[Result "1-0"]
[WhiteTitle "WIM"]
[BlackTitle "WIM"]
[WhiteElo "2278"]
[BlackElo "2276"]
[WhiteFideId "4145933"]
[BlackFideId "4500512"]
[EventDate "2021.05.30"]

1. e4 c5 2. Nf3 d6 3. d4 cxd4 4. Nxd4 Nf6 5. Nc3 g6 6. Be2 Bg7 7. O-O O-O 8. Nb3
Nc6 9. Re1 a6 10. Bf1 b5 11. Bg5 Bb7 12. Nd5 Nxd5 13. exd5 Ne5 14. c3 h6 15. Bh4
g5 16. Bg3 Rc8 17. Rc1 Qb6 18. Rc2 a5 19. h4 g4 20. Nd4 Rfe8 21. Nf5 h5 22. Nxg7
Kxg7 23. Bxe5+ dxe5 24. Rxe5 Rcd8 25. Rxh5 Bc8 26. Rg5+ Kf8 27. Bd3 Qh6 28. g3
f6 29. Rg6 Qh5 30. Qe2 Rxd5 31. Qe4 Red8 32. Re2 R8d7 33. Qe6 Qh8 34. Rxg4 Rxd3
35. Rge4 R3d6 36. Qf5 Qg7 37. Qxb5 1-0

[Event "Women's Speed Chess Q3"]
[Site "chess.com INT"]
[Date "2021.05.30"]
[Round "16"]
[White "Skuhala, Barbara"]
[Black "Pandey, Srishti"]
[Result "0-1"]
[WhiteTitle "WFM"]
[BlackTitle "WFM"]
[WhiteElo "2077"]
[BlackElo "2026"]
[WhiteFideId "14605465"]
[BlackFideId "35093290"]
[EventDate "2021.05.30"]

1. e4 e6 2. d4 d5 3. Nc3 Bb4 4. e5 c5 5. a3 Bxc3+ 6. bxc3 Ne7 7. Qg4 Qc7 8. Qxg7
Rg8 9. Qxh7 cxd4 10. Ne2 Nbc6 11. f4 Bd7 12. Rb1 dxc3 13. Qd3 O-O-O 14. h3 Kb8
15. g4 d4 16. Bg2 Ng6 17. Nxd4 Nh4 18. Be4 Be8 19. Nxc6+ Bxc6 20. Qe3 Ng2+ 21.
Bxg2 Bxg2 22. Rg1 Qc6 23. Kf2 Be4 24. g5 Bxc2 25. Rb4 Bf5 26. h4 c2 27. Bb2 Rd1
28. Rb3 Rgd8 29. Rc3 Qd5 30. Re1 Rxe1 31. Qxe1 Qd2+ 32. Qxd2 Rxd2+ 33. Ke3 Rh2
34. Kd4 Rxh4 35. Kc5 Rxf4 36. Kd6 Rd4+ 37. Ke7 Rg4 0-1